000 01124nac a22002891i 4500
003 EG-ScBUE
005 20250527091655.0
008 250417s2000 enka f b 001 0 eng d
020 _a0521624940
020 _a9780521624947
040 _aEG-ScBUE
_beng
_erda
_cEG-ScBUE
_dEG-ScBUE
082 0 4 _a530.475
_bWIL
_222
100 1 _aWilkinson, David S.,
_eauthor.
245 1 0 _aMass transport in solids and fluids /
_cDavid S. Wilkinson, Department of Materials Science and Engineering, McMaster University.
264 1 _aCambridge :
_bCambridge University Press,
_c2000.
300 _axvii, 270 pages :
_billustrations ;
_c26 cm.
336 _2rdacontent
_atext
_btxt
337 _aunmediated
_2rdamedia
_bn
338 _avolume
_bnc
_2rdacarrier
490 0 _aCambridge solid state science series
504 _aIncludes bibliographical references and index.
650 7 _aMass transfer.
_2BUEsh
655 _vReading book
856 4 2 _3Publisher description
_uhttp://www.loc.gov/catdir/description/cam021/00027646.html
856 4 2 _3Table of contents
_uhttp://www.loc.gov/catdir/toc/cam022/00027646.html
942 _cBB
_2ddc
999 _c5510
_d5510